Statistiques concernant Méta-humains Flash Saison 1 à 4

Cliquez ici pour prendre le quiz!

Statistiques générales

  • Ce quiz a été pris 130 fois
    (127 depuis la dernière actualisation)
  • Le résultat moyen est 14 sur 69

Statistiques - réponses

PouvoirNom / Pseudo% Correct
Super VitesseHunter Zolomon / Zoom
85%
Super VitesseBarry Allen / Flash
83%
Super VitesseIris West / Flash
79%
Super VitesseJay Garrick / Flash
79%
Super VitesseBarry Allen / Savitar
72%
Super VitesseEobard Thawne / Reverse Flash
67%
GlaceCaitlin Snow / Killer Frost
59%
GlaceCaitlin Snow / Killer Frost
59%
Super VitesseWally West / Kid Flash
56%
OndesCisco Ramon / Vibe
45%
Flammes NucléairesRonnie Raymond / Firestorm
44%
MétéorologieClyde Mardon / Weather Wizard
43%
Flammes NucléairesMartin Stein / Firestorm
43%
Flammes NucléairesJefferson Jackson / Firestorm
39%
Intellect SupérieurClifford DeVoe / Le Penseur
37%
Hybride RequinShay Lamden / King Shark
32%
MétéorologieMark Mardon / Weather Wizard
31%
ÉlasticitéRalph Dibny / Elongated Man
29%
OndesCisco Ramon / Reverb
28%
VertigesRosalind Dillon / Top
24%
TélépathieGrodd / Gorilla Grodd
22%
Traversée des MiroirsSam Scudder / Mirror Master
20%
Super VitesseEdward Clariss / Rival
18%
Flammes NucléairesRonnie Raymond / Deathstorm
18%
Super VitesseJesse Chambers Wells / Jesse Quick
17%
TélépathieCecile Horton / Pseudo Inconnu
15%
Gaz ToxiqueKyle Nimbus / The Mist
14%
Cri SupersoniqueLaurel Lance / Black Siren
14%
GigantismeAl Rothstein / Atom Smasher
13%
ClonageDanton Black / Multiplex
13%
FoudreFarooq Gibran / Blackout
13%
Super VitesseEliza Harmon / Trajectory
11%
MétamorphoseHannibal Bates / Monsieur Tout le Monde
11%
Contrôle du MétalFrankie Kane / Magenta
10%
Ondes SonoresHartley Rathaway / Pied Piper
10%
Bombe ManuelleBette Sans Souci / Plastique
9%
Champ CinétiqueRussell Glosson / La Tortue
9%
ChanceBecky Sharpe / Hazard
8%
TéléportationShawna Baez / Peek-a-Boo
8%
MétallisationTony Woodward / Girder
8%
Vibrations SismiquesAdam Fells / Geomancer
7%
MagnétismeLeslie Jocoy / Amunet Black
7%
PhotokinésieLinda Park / Dr Light
7%
Manipulation du Méta-ADNMatthew Kim / Melting Point
7%
OmbresNom Inconnu / Shade
7%
Contrôle MentalRoy Bivolo / Le Prisme
7%
Energie PlasmiqueDante Ramon / Rupture
6%
SableEddie Slick / Sand Demon
6%
Micro-DimensionsEdwin Gauss / Folded Man
6%
Super ForceGriffin Grey / Pseudo Inconnu
6%
Flammes NucléairesHenry Hewitt / Tokamak
6%
Oeil SerpentMatthew Norvock / Pseudo Inconnu
6%
DésintégrationClive Yorkin / Pseudo Inconnu
5%
OndesCynthia / Gypsy
5%
GravitéJanet Petty / Null
5%
OndesJosh / Breacher
5%
AnimationMina Chaytan / Black Bison
5%
Larmes DroguéesNom Inconnu / Le Pleureur
5%
PiratageRamsey Deacon / Kilg%re
5%
PyrokinésieErik Frye / Pseudo Inconnu
3%
Ondes SonoresIzzy Bowin / The Fiddler
3%
PyrokinésieJaco Birch / Pyro
3%
Rayon PlasmaJake Simmons / Deathbolt
3%
Goudron BrûlantJoey Monteleone / Asphalte
3%
RadioactivitéNeil Borman / Fallout
3%
TélépathieSolovar
3%
MiniaturisationSylbert Rundine / Dwarfstar
3%
Pouvoirs PsychiquesDominic Lanse / Brainstorm
2%
Super VitesseNom Inconnu / Accelerated Man
2%

Distribution des résultats

Percentile par nombre de réponses

% des personnes avec chaque résultat

Votre développement - résultats

Vous n’avez pas pris ce quiz depuis la dernière actualisation